00209nam a2200085 a 4500008004100000050001500041100002200056245003600078350000900114120416s9999 xx |||||||||||||| || u aTE 251 Sal aSalter, Richard J10aHighway design and construction a0.00